ბათუმის შოთა რუსთაველის სახელმწიფო უნივერსიტეტის ბიბლიოთეკა

ბალაგანი. (ბიბ.ჩანაწერი № 44100)

000 -LEADER
fixed length control field 00656nam a2200229Ia 4500
001 - CONTROL NUMBER
control field 10858
003 - CONTROL NUMBER IDENTIFIER
control field GE_BSU
008 - FIXED-LENGTH DATA ELEMENTS--GENERAL INFORMATION
fixed length control field 181216s||||||||xx |||||||||||||| ||und||
040 ## - CATALOGING SOURCE
Transcribing agency GE_BSU
080 ## - UNIVERSAL DECIMAL CLASSIFICATION NUMBER
Universal Decimal Classification number 821.353.1–11
100 ## - MAIN ENTRY--PERSONAL NAME
Personal name ქვარიანი,პაპუნა
245 ## - TITLE STATEMENT
Title ბალაგანი.
245 ## - TITLE STATEMENT
Remainder of title პოემები.
245 ## - TITLE STATEMENT
Statement of responsibility, etc. რედ.დავით ახობაძე.
260 ## - PUBLICATION, DISTRIBUTION, ETC.
Place of publication, distribution, etc. თბილისი.
260 ## - PUBLICATION, DISTRIBUTION, ETC.
Name of publisher, distributor, etc. მერანი.
260 ## - PUBLICATION, DISTRIBUTION, ETC.
Date of publication, distribution, etc. 1992.
300 ## - PHYSICAL DESCRIPTION
Extent 62გვ;17სმ.
300 ## - PHYSICAL DESCRIPTION
Accompanying material ფოტო გარეკანზე.
653 ## - INDEX TERM--UNCONTROLLED
Uncontrolled term ბალაგანი.
942 ## - ADDED ENTRY ELEMENTS (KOHA)
Koha item type წიგნი
ეგზემპლარები
Withdrawn status Lost status Damaged status Not for loan Date acquired Barcode Date last seen Price effective from Koha item type
        2018-12-17 35327 2018-12-17 2018-12-17 წიგნი
        2018-12-17 35328 2018-12-17 2018-12-17 წიგნი
        2018-12-17 35329 2018-12-17 2018-12-17 წიგნი